Opatrenia a podpora kreatívneho priemyslu v čase pandémie

Guardado en:
Detalles Bibliográficos
Autor principal: Trúchliková, Mária, 1991-
Formato: Capítulo de libro
Lenguaje:eslovaco
Etiquetas: Agregar Etiqueta
Sin Etiquetas, Sea el primero en etiquetar este registro!

MARC

LEADER 00000naa$a2200000$$$4500
001 0271529
005 20240502074258.3
041 0 |a slo 
044 |a SK 
245 1 0 |a Opatrenia a podpora kreatívneho priemyslu v čase pandémie  |c Mária Trúchliková 
100 1 |a Trúchliková, Mária, 1991-